Multi-UART Controller with Programmable Modes of Operation (Record no. 230572)
[ view plain ]
| 000 -LEADER | |
|---|---|
| fixed length control field | 00392nam a2200133Ia 4500 |
| 008 - FIXED-LENGTH DATA ELEMENTS--GENERAL INFORMATION | |
| fixed length control field | 231221s9999 xx 000 0 und d |
| 041 ## - LANGUAGE CODE | |
| Language code of text/sound track or separate title | English |
| 082 ## - DEWEY DECIMAL CLASSIFICATION NUMBER | |
| Classification number | JNEC11-599 |
| 100 ## - MAIN ENTRY--PERSONAL NAME | |
| Personal name | Athavale, Rohit. Tejas, N. Jayashree, H V. |
| 245 #0 - TITLE STATEMENT | |
| Title | Multi-UART Controller with Programmable Modes of Operation |
| 260 ## - PUBLICATION, DISTRIBUTION, ETC. | |
| Date of publication, distribution, etc. | 2011 |
| 650 ## - SUBJECT ADDED ENTRY--TOPICAL TERM | |
| Topical term or geographic name entry element | Multi-UART,Controller,Programmable,Modes |
| 942 ## - ADDED ENTRY ELEMENTS (KOHA) | |
| Koha item type | Institutional repository |
| Date last seen | Total checkouts | Full call number | Accession number | Uniform resource identifier | Price effective from | Category | Lost status | Damaged status | Department | Withdrawn status | Home library | Current library | Shelving location | Entry date | Grants | Currency symbol | Conversion rate | Discount | Old discount |
|---|---|---|---|---|---|---|---|---|---|---|---|---|---|---|---|---|---|---|---|
| 26/01/2024 | JNEC11-599 | IR599 | digital/ir/ir599.pdf | 26/01/2024 | Institutional repository | EC | Central Library | Central Library | Central Library | EC | RS | 1 |
